Hardest NBA Quiz - Statistics

General Stats
  • This quiz has been taken 429 times
  • The average score is 5 of 12
Answer Stats
Answer % Correct
How many NBA teams has Horace Grant played for? 4
82%
What was the last team Jason Kidd played for? New York Knicks
57%
Who did the Los Angeles Lakers Defeat in the 2010 Western Conference FInals? Phoenix Suns
57%
Who won the NBA Finals MVP in 1989? Joe Dumars
52%
What is Mike Bibby's Career High PPG? 21.1
51%
Who wore the number 3 on the New York Knicks during the Patrick Ewing era? John Starks
49%
Who was the first pick in the 1983 NBA Draft? Ralph Sampson
35%
Who has won the 2nd most NBA Finals as a head coach? Red Auerbach
30%
Who lost the first ever NBA game? Toronto Huskies
26%
Who was the 51st Pick in the 2003 NBA Draft? Kyle Korver
18%
What is the name of the Charlotte Hornets Mascot? Hugo
14%
Who won the '09-'10 NBA Most Improved Player Award? Aaron Brooks
12%
No matching quizzes found
Score Distribution
Percent of People with Each Score
Percentile by Number Answered
Your Score History
You have not taken this quiz